[Event "BL2-Nord 0405"]
[Site "Germany"]
[Date "2004.12.12"]
[Round "4.4"]
[White "Heissler, Jakob"]
[Black "Schleicher, Guido"]
[Result "1-0"]
[WhiteElo "2446"]
[BlackElo "2216"]
[PlyCount "69"]
[EventDate "2004.10.24"]
[EventType "team-tourn"]
[EventRounds "9"]
[EventCountry "GER"]
[SourceTitle "EXT 2007"]
[Source "ChessBase"]
[SourceDate "2006.11.23"]
[SourceVersion "1"]
[SourceVersionDate "2006.11.23"]
[SourceQuality "1"]
[WhiteTeam "Werder Bremen II"]
[BlackTeam "Hamburg Koenigsspringer"]
[WhiteTeamCountry "GER"]
[BlackTeamCountry "GER"]

1. Nf3 c6 2. c4 g6 3. Nc3 Bg7 4. d4 f5 5. e4 fxe4 6. Nxe4 Nf6 7. Nxf6+ exf6 8. Bd3 d6 9. 0-0 0-0 10. h3 Na6 11. Re1 Nc7 12. d5 c5 13. Rb1 Rb8 14. b4 cxb4 15. Rxb4 Na6 16. Rb1 Nc5 17. Nd4 f5 18. Nc6 bxc6 19. Rxb8 cxd5 20. cxd5 Qa5 21. Bf1 Qxa2 22. Be3 Nd7 23. Ra8 a5 24. Qd2 Qb3 25. Rc1 Bb7 26. Rxa5 f4 27. Bxf4 Nc5 28. Rb5 Qa4 29. Bxd6 Ne4 30. Qb4 Qa2 31. Qxe4 Qxf2+ 32. Kh1 Bd4 33. Qe6+ Rf7 34. Be2 Kg7 35. Be5+ 1-0

[Event "BL2-Nord 0405"]
[Site "Germany"]
[Date "2004.10.24"]
[Round "1.4"]
[White "Heissler, Jakob"]
[Black "Krause, Ullrich"]
[Result "1-0"]
[WhiteElo "2446"]
[BlackElo "2289"]
[PlyCount "79"]
[EventDate "2004.10.24"]
[EventType "team-tourn"]
[EventRounds "9"]
[EventCountry "GER"]
[SourceTitle "EXT 2007"]
[Source "ChessBase"]
[SourceDate "2006.11.23"]
[SourceVersion "1"]
[SourceVersionDate "2006.11.23"]
[SourceQuality "1"]
[WhiteTeam "Werder Bremen II"]
[BlackTeam "Luebeck"]
[WhiteTeamCountry "GER"]
[BlackTeamCountry "GER"]

1. e4 e6 2. d3 d5 3. Nd2 Nf6 4. Ngf3 Bc5 5. e5 Nfd7 6. d4 Be7 7. Bd3 c5 8. c3 Nc6 9. 0-0 cxd4 10. cxd4 f5 11. exf6 Nxf6 12. b3 0-0 13. Bb2 Qb6 14. Rc1 Bd7 15. Ne5 Be8 16. Nxc6 Bxc6 17. Qe2 Bd7 18. Nf3 Bd6 19. Ne5 Rae8 20. h3 a6 21. Nxd7 Nxd7 22. Qc2 Nf6 23. Rfe1 Rf7 24. Re2 Rc7 25. Qd1 Rce7 26. Qc2 e5 27. dxe5 Bxe5 28. Rce1 Bd6 29. Bxf6 gxf6 30. Bxh7+ Kh8 31. Qg6 Qd8 32. Qh5 Kg7 33. Bg6 Rh8 34. Qg4 Rxe2 35. Bf5+ Kf8 36. Rxe2 Be5 37. f4 Bd4+ 38. Kh2 Rg8 39. Qh5 Rg7 40. Bg6 1-0

[Event "Oberliga Nord W 0304"]
[Site "Germany"]
[Date "2004.03.28"]
[Round "8.2"]
[White "Weyrich, Morten"]
[Black "Heissler, Jakob"]
[Result "1/2-1/2"]
[WhiteElo "2311"]
[BlackElo "2449"]
[PlyCount "158"]
[EventDate "2003.10.12"]
[EventType "team-tourn"]
[EventRounds "9"]
[EventCountry "GER"]
[SourceTitle "EXT 2005"]
[Source "ChessBase"]
[SourceDate "2004.11.15"]
[SourceVersion "1"]
[SourceVersionDate "2004.11.15"]
[SourceQuality "1"]
[WhiteTeam "Hameln"]
[BlackTeam "Werder Bremen II"]
[WhiteTeamCountry "GER"]
[BlackTeamCountry "GER"]

1. c4 Nf6 2. Nc3 d6 3. g3 g6 4. Bg2 Bg7 5. d3 0-0 6. e4 e5 7. Nge2 c6 8. 0-0 a6 9. h3 b5 10. Be3 Nbd7 11. Qd2 Rb8 12. b3 Bb7 13. f4 exf4 14. Bxf4 Ne8 15. Rad1 Ba8 16. Kh2 Nc5 17. d4 Ne6 18. Be3 bxc4 19. bxc4 Rb4 20. Qd3 Qc8 21. Rb1 a5 22. a3 Rxb1 23. Rxb1 Qa6 24. Na4 Nf6 25. d5 Nd8 26. Nb6 cxd5 27. exd5 Nb7 28. Bd4 Nc5 29. Bxc5 dxc5 30. Na4 Nd7 31. Rb5 Re8 32. Nec3 Bd4 33. Ne4 Ne5 34. Qf1 Nd7 35. Naxc5 Nxc5 36. Nxc5 Qd6 37. Ne4 Qxa3 38. Nf6+ Bxf6 39. Qxf6 Qd3 40. Qf4 a4 41. Rb8 Qe2 42. Rxe8+ Qxe8 43. c5 Qb5 44. Qf6 Qxc5 45. d6 Bc6 46. Qd8+ Kg7 47. Qc7 a3 48. d7 a2 49. Qxc6 Qxc6 50. Bxc6 a1Q 51. d8Q Qb2+ 52. Bg2 h5 53. Qg5 Qf2 54. Qe5+ Kh7 55. h4 Kg8 56. Qf4 Qc5 57. Be4 Kg7 58. Bd3 f6 59. Qf3 Qd4 60. Kg2 Qb2+ 61. Be2 Qd4 62. Qb7+ Kh6 63. Qe7 Qd2 64. Qe4 Kg7 65. Kf3 g5 66. Qe7+ Kg6 67. Qe8+ Kh6 68. Kf2 Qd4+ 69. Kg2 Qd5+ 70. Bf3 Qd2+ 71. Kh1 Qc1+ 72. Kh2 Qd2+ 73. Be2 gxh4 74. Qxh5+ Kg7 75. gxh4 Qd4 76. Kh3 Qd7+ 77. Kg2 Qc6+ 78. Kf2 Qb6+ 79. Kf1 Qb1+ 1/2-1/2

[Event "Oberliga Nord W 0304"]
[Site "Germany"]
[Date "2004.03.07"]
[Round "7.2"]
[White "Mossakowski, Florian"]
[Black "Heissler, Jakob"]
[Result "1/2-1/2"]
[WhiteElo "2331"]
[BlackElo "2449"]
[PlyCount "90"]
[EventDate "2003.10.12"]
[EventType "team-tourn"]
[EventRounds "9"]
[EventCountry "GER"]
[SourceTitle "EXT 2005"]
[Source "ChessBase"]
[SourceDate "2004.11.15"]
[SourceVersion "1"]
[SourceVersionDate "2004.11.15"]
[SourceQuality "1"]
[WhiteTeam "Bremer SG II"]
[BlackTeam "Werder Bremen II"]
[WhiteTeamCountry "GER"]
[BlackTeamCountry "GER"]

1. e4 c5 2. Nf3 e6 3. d4 cxd4 4. Nxd4 Nc6 5. Nb5 d6 6. c4 Nf6 7. N1c3 a6 8. Na3 Be7 9. Be2 0-0 10. 0-0 b6 11. Be3 Bb7 12. Qb3 Nd7 13. Rfd1 Nc5 14. Qc2 Bf6 15. f3 Be5 16. f4 Bxc3 17. Qxc3 Nxe4 18. Qb3 Rb8 19. Bxb6 Qf6 20. Qe3 Ne7 21. Ba7 Rbc8 22. Bf3 Nf5 23. Qe2 d5 24. Bxe4 dxe4 25. Nc2 Qh4 26. Qf1 Rfd8 27. Rxd8+ Rxd8 28. Rd1 h6 29. Rxd8+ Qxd8 30. Qe2 Qd3 31. Kf2 Qd8 32. g3 Qa5 33. a3 Qa4 34. Ne3 Nxe3 35. Bxe3 Qb3 36. g4 a5 37. Bd4 a4 38. Bc3 Qb6+ 39. Qe3 Qc6 40. c5 f6 41. h4 Qd5 42. Ke1 Kf7 43. Qd4 Bc6 44. Ke2 Bb5+ 45. Ke3 Bc6 1/2-1/2

[Event "Oberliga Nord W 0304"]
[Site "Germany"]
[Date "2003.11.02"]
[Round "2.2"]
[White "Heissler, Jakob"]
[Black "Buchenau, Frank"]
[Result "1/2-1/2"]
[WhiteElo "2449"]
[BlackElo "2287"]
[PlyCount "90"]
[EventDate "2003.10.12"]
[EventType "team-tourn"]
[EventRounds "9"]
[EventCountry "GER"]
[SourceTitle "EXT 2005"]
[Source "ChessBase"]
[SourceDate "2004.11.15"]
[SourceVersion "1"]
[SourceVersionDate "2004.11.15"]
[SourceQuality "1"]
[WhiteTeam "Werder Bremen II"]
[BlackTeam "Goettingen Tempo"]
[WhiteTeamCountry "GER"]
[BlackTeamCountry "GER"]

1. c4 e5 2. g3 Nf6 3. Bg2 c6 4. d4 Bb4+ 5. Bd2 Bxd2+ 6. Qxd2 d6 7. Nc3 Nbd7 8. Nf3 0-0 9. 0-0 Re8 10. e3 Nb6 11. b3 e4 12. Ng5 Bf5 13. f3 exf3 14. Rxf3 Bg6 15. Raf1 d5 16. c5 Nbd7 17. Nh3 Qe7 18. Nf4 Ne4 19. Qe1 Ng5 20. R3f2 Qxe3 21. Qxe3 Rxe3 22. Nd1 Re7 23. Nxg6 hxg6 24. h4 Ne6 25. Rd2 f5 26. Nc3 Nf6 27. b4 Ne4 28. Nxe4 fxe4 29. Bh3 a5 30. b5 cxb5 31. Bxe6+ Rxe6 32. Rb2 b4 33. a3 b6 34. axb4 axb4 35. Rxb4 bxc5 36. dxc5 Rc8 37. Rb7 Rf6 38. Ra1 Rf7 39. c6 Rxc6 40. Ra8+ Rf8 41. Raa7 Re8 42. Rxg7+ Kh8 43. Rh7+ Kg8 44. Rag7+ Kf8 45. Rf7+ Kg8 1/2-1/2

[Event "EU-Cup 19th"]
[Site "Rethymno"]
[Date "2003.09.29"]
[Round "2.6"]
[White "Fressinet, Laurent"]
[Black "Heissler, Jakob"]
[Result "1-0"]
[WhiteElo "2640"]
[BlackElo "2449"]
[PlyCount "67"]
[EventDate "2003.09.28"]
[EventType "team-swiss"]
[EventRounds "7"]
[EventCountry "GRE"]
[SourceTitle "CBM 098"]
[Source "ChessBase"]
[SourceDate "2004.02.03"]
[SourceVersion "1"]
[SourceVersionDate "2004.02.03"]
[SourceQuality "1"]
[WhiteTeam "Paris NAO"]
[BlackTeam "Werder Bremen"]
[WhiteTeamCountry "FRA"]
[BlackTeamCountry "GER"]

1. e4 c5 2. Nf3 e6 3. Nc3 Nc6 4. d4 cxd4 5. Nxd4 Qc7 6. Be3 a6 7. Qd2 Nf6 8. 0-0-0 Bb4 9. f3 Ne5 10. Nb3 b5 11. Bd4 Be7 12. Qg5 Ng6 13. Qg3 Bd6 14. Qf2 Bxh2 15. g4 Bf4+ 16. Kb1 h6 17. Ne2 Be5 18. Bxe5 Qxe5 19. Bg2 Rb8 20. f4 Qc7 21. Bf3 d6 22. f5 Ne5 23. g5 Ng8 24. Nbd4 Qc5 25. Qg3 exf5 26. gxh6 g6 27. exf5 Ne7 28. fxg6 fxg6 29. Nc3 Bf5 30. Ne4 Bxe4 31. Bxe4 Qc8 32. Qg5 Rb6 33. Qf6 Rh7 34. Ne6 1-0

[Event "Bundesliga 0203"]
[Site "Germany"]
[Date "2003.03.31"]
[Round "15.8"]
[White "Reeh, Oliver"]
[Black "Heissler, Jakob"]
[Result "1-0"]
[WhiteElo "2423"]
[BlackElo "2455"]
[PlyCount "109"]
[EventDate "2002.10.19"]
[EventType "team-tourn"]
[EventRounds "15"]
[EventCountry "GER"]
[SourceTitle "CBM 095"]
[Source "ChessBase"]
[SourceDate "2003.07.25"]
[SourceVersion "1"]
[SourceVersionDate "2003.07.25"]
[SourceQuality "1"]
[WhiteTeam "Hamburger SK"]
[BlackTeam "Werder Bremen"]
[WhiteTeamCountry "GER"]
[BlackTeamCountry "GER"]

1. e4 c5 2. Nf3 e6 3. d4 cxd4 4. Nxd4 Nc6 5. Nc3 Qc7 6. f4 a6 7. Nxc6 Qxc6 8. Bd3 b5 9. Qe2 Bb7 10. Bd2 Be7 11. a3 Rc8 12. 0-0 Bc5+ 13. Kh1 Ne7 14. Be3 Bxe3 15. Qxe3 0-0 16. Qh3 f6 17. Rad1 Ng6 18. Be2 Qc7 19. Qe3 Rfd8 20. Rd2 Qc5 21. Qxc5 Rxc5 22. g3 Nf8 23. Kg1 Rdc8 24. Bd3 Kf7 25. a4 b4 26. Na2 a5 27. Nc1 d5 28. e5 Ra8 29. Nb3 Rc7 30. Nd4 Ba6 31. exf6 gxf6 32. Re1 Bxd3 33. cxd3 Ra6 34. Rde2 Rb6 35. Kf2 b3 36. Nb5 Rcc6 37. g4 h6 38. h4 Ng6 39. Kg3 Rc2 40. Rxc2 bxc2 41. Rc1 e5 42. fxe5 Nxe5 43. d4 Nd3 44. Rxc2 Re6 45. Rc7+ Kf8 46. Kf3 Nxb2 47. Nc3 Nc4 48. Nxd5 Nd2+ 49. Kf4 Nb3 50. Ne3 Nxd4 51. Nf5 Nc6 52. Rc8+ Kf7 53. Nxh6+ Kg6 54. Nf5 Ne5 55. Rc7 1-0

[Event "Bundesliga 0203"]
[Site "Germany"]
[Date "2003.03.29"]
[Round "14.8"]
[White "Heissler, Jakob"]
[Black "De Firmian, Nick E"]
[Result "0-1"]
[WhiteElo "2455"]
[BlackElo "2534"]
[PlyCount "142"]
[EventDate "2002.10.19"]
[EventType "team-tourn"]
[EventRounds "15"]
[EventCountry "GER"]
[SourceTitle "CBM 095"]
[Source "ChessBase"]
[SourceDate "2003.07.25"]
[SourceVersion "1"]
[SourceVersionDate "2003.07.25"]
[SourceQuality "1"]
[WhiteTeam "Werder Bremen"]
[BlackTeam "Luebeck"]
[WhiteTeamCountry "GER"]
[BlackTeamCountry "GER"]

1. e4 c5 2. Nf3 d6 3. d4 cxd4 4. Nxd4 Nf6 5. Nc3 a6 6. Be2 e5 7. Nf3 Be7 8. 0-0 0-0 9. Bg5 Be6 10. Bxf6 Bxf6 11. Nd5 Nd7 12. c3 Rc8 13. Qd3 Bxd5 14. Qxd5 Qb6 15. Rab1 Be7 16. Nd2 Nf6 17. Qd3 Rfd8 18. Bf3 Qc6 19. Rfd1 Rd7 20. a3 Bd8 21. Nf1 Bb6 22. Ne3 Bxe3 23. Qxe3 h6 24. Rd2 Kf8 25. Rbd1 Ke7 26. g3 Qc5 27. Qe2 Rc6 28. Bg2 b5 29. Ra1 a5 30. Bf1 Rb7 31. Qf3 Qb6 32. Qe2 Rc4 33. Bg2 Rbc7 34. Rad1 R7c6 35. Rd3 b4 36. axb4 axb4 37. cxb4 Qxb4 38. Rc3 Rxc3 39. bxc3 Rxc3 40. Qa6 Qc5 41. Qb7+ Qc7 42. Qa8 g6 43. Bf1 Qb6 44. Ra1 Rc7 45. Ra6 Qb1 46. Ra7 Rxa7 47. Qxa7+ Kf8 48. f3 Kg7 49. Qc7 Qb4 50. Kg2 Qc5 51. Qb7 Qc2+ 52. Kg1 g5 53. g4 Qc5+ 54. Kg2 Qc2+ 55. Kg1 d5 56. exd5 Qc5+ 57. Kh1 Nxd5 58. Qb2 Nf4 59. Qd2 Qa3 60. Be2 Qa1+ 61. Bd1 Qd4 62. Qxd4 exd4 63. Kg1 Kf6 64. Bb3 Ke7 65. Kf2 f6 66. Ke1 Kd6 67. Kd2 Ke5 68. Bf7 Ng2 69. Bg6 Nh4 70. Be4 Kf4 71. Ke2 d3+ 0-1

[Event "Bundesliga 0203"]
[Site "Germany"]
[Date "2003.02.08"]
[Round "10.8"]
[White "Heissler, Jakob"]
[Black "Umpfenbach, Caroline"]
[Result "1-0"]
[WhiteElo "2455"]
[BlackElo "2077"]
[PlyCount "53"]
[EventDate "2002.10.19"]
[EventType "team-tourn"]
[EventRounds "15"]
[EventCountry "GER"]
[SourceTitle "CBM 094"]
[Source "ChessBase"]
[SourceDate "2003.05.26"]
[SourceVersion "1"]
[SourceVersionDate "2003.05.26"]
[SourceQuality "1"]
[WhiteTeam "Werder Bremen"]
[BlackTeam "Erfurt"]
[WhiteTeamCountry "GER"]
[BlackTeamCountry "GER"]

1. e4 e6 2. d3 d5 3. Nd2 c5 4. Ngf3 Nc6 5. g3 Nf6 6. Bg2 Be7 7. 0-0 0-0 8. Re1 Rb8 9. e5 Ne8 10. Nf1 b5 11. h4 Nc7 12. c3 a5 13. N1h2 Ba6 14. Ng5 Qe8 15. Ng4 f5 16. exf6 Bxf6 17. Bf4 e5 18. Nxe5 Nxe5 19. d4 cxd4 20. cxd4 Bxg5 21. hxg5 Rd8 22. Rxe5 Qg6 23. Qd2 b4 24. Rc1 Qb6 25. Qe3 Bc8 26. Re7 Nb5 27. Qe5 1-0

[Event "Bundesliga 0203"]
[Site "Germany"]
[Date "2003.01.11"]
[Round "8.8"]
[White "Bromberger, Stefan"]
[Black "Heissler, Jakob"]
[Result "1-0"]
[WhiteElo "2417"]
[BlackElo "2455"]
[PlyCount "103"]
[EventDate "2002.10.19"]
[EventType "team-tourn"]
[EventRounds "15"]
[EventCountry "GER"]
[SourceTitle "CBM 093"]
[Source "ChessBase"]
[SourceDate "2003.04.01"]
[SourceVersion "1"]
[SourceVersionDate "2003.04.01"]
[SourceQuality "1"]
[WhiteTeam "Tegernsee"]
[BlackTeam "Werder Bremen"]
[WhiteTeamCountry "GER"]
[BlackTeamCountry "GER"]

1. d4 Nf6 2. c4 d6 3. Nc3 Nbd7 4. Nf3 c6 5. e4 e5 6. Be2 Be7 7. 0-0 0-0 8. Re1 a6 9. Rb1 Re8 10. Bf1 Bf8 11. d5 cxd5 12. cxd5 b5 13. b4 Nb6 14. a4 bxa4 15. Nxa4 Nxa4 16. Qxa4 Bd7 17. Qa3 Bb5 18. Bxb5 axb5 19. Qd3 Qd7 20. Bg5 Be7 21. Rec1 Rec8 22. h3 h6 23. Be3 Bd8 24. Nd2 Qb7 25. Rxc8 Rxc8 26. Ra1 Rb8 27. Ra7 Qc8 28. Qa3 Nd7 29. Qa6 Qxa6 30. Rxa6 Nb6 31. Kf1 Kf8 32. Ke2 Ke8 33. Kd3 Rb7 34. f3 Kd7 35. Bf2 Bc7 36. Nb1 Nc4 37. Nc3 Nb2+ 38. Kc2 Nc4 39. Rc6 Na3+ 40. Kb3 Nc4 41. Ra6 h5 42. Ra2 Bb6 43. Nxb5 Bxf2 44. Kxc4 Bb6 45. Ra6 Bc7 46. Ra7 Rxa7 47. Nxa7 Bb6 48. Nc6 Kc7 49. Kb5 Be3 50. Ka6 Bb6 51. Na5 Bd4 52. Nc4 1-0

[Event "Bundesliga 0203"]
[Site "Germany"]
[Date "2002.12.14"]
[Round "5.8"]
[White "Straeter, Timo"]
[Black "Heissler, Jakob"]
[Result "0-1"]
[WhiteElo "2329"]
[BlackElo "2455"]
[PlyCount "44"]
[EventDate "2002.10.19"]
[EventType "team-tourn"]
[EventRounds "15"]
[EventCountry "GER"]
[SourceTitle "CBM 093"]
[Source "ChessBase"]
[SourceDate "2003.04.01"]
[SourceVersion "1"]
[SourceVersionDate "2003.04.01"]
[SourceQuality "1"]
[WhiteTeam "Wattenscheid"]
[BlackTeam "Werder Bremen"]
[WhiteTeamCountry "GER"]
[BlackTeamCountry "GER"]

1. d4 Nf6 2. Nf3 g6 3. Bg5 Bg7 4. Nbd2 d5 5. e3 0-0 6. Be2 c5 7. c4 Ne4 8. Bh4 Be6 9. Nxe4 dxe4 10. Ng5 cxd4 11. Nxe6 fxe6 12. exd4 Qa5+ 13. Kf1 Nc6 14. d5 Nd4 15. Bxe7 Rf7 16. d6 Nf5 17. Bg5 Qc5 18. Qb3 Raf8 19. Bg4 Nd4 20. Qe3 Rxf2+ 21. Kg1 Ne2+ 22. Bxe2 Bd4 0-1

[Event "Bundesliga 0203"]
[Site "Germany"]
[Date "2002.10.20"]
[Round "2.8"]
[White "Kengis, Edvins"]
[Black "Heissler, Jakob"]
[Result "1/2-1/2"]
[WhiteElo "2594"]
[BlackElo "2455"]
[PlyCount "101"]
[EventDate "2002.10.19"]
[EventType "team-tourn"]
[EventRounds "15"]
[EventCountry "GER"]
[SourceTitle "CBM 091"]
[Source "ChessBase"]
[SourceDate "2002.11.12"]
[SourceVersion "1"]
[SourceVersionDate "2002.11.12"]
[SourceQuality "1"]
[WhiteTeam "Koeln Porz"]
[BlackTeam "Werder Bremen"]
[WhiteTeamCountry "GER"]
[BlackTeamCountry "GER"]

1. Nf3 Nf6 2. c4 g6 3. d4 d6 4. g3 Bg7 5. Bg2 0-0 6. 0-0 Nbd7 7. Nc3 e5 8. e3 Re8 9. a4 a5 10. b3 c6 11. Ba3 exd4 12. exd4 d5 13. cxd5 Nxd5 14. Nxd5 cxd5 15. Re1 Nf6 16. Rxe8+ Nxe8 17. Ne5 Be6 18. Qd3 Rc8 19. Re1 Nd6 20. h4 Ne4 21. Bxe4 dxe4 22. Qxe4 Qd5 23. Qxd5 Bxd5 24. Re3 Bf8 25. Nd7 Bxa3 26. Nf6+ Kg7 27. Nxd5 Rd8 28. Nb6 Rxd4 29. Nc4 Bc5 30. Rf3 b6 31. Kf1 f5 32. Ke2 Kf6 33. Rc3 Re4+ 34. Kf3 Re6 35. Rd3 h6 36. Rd5 g5 37. hxg5+ hxg5 38. Ne3 Re5 39. Rxe5 Kxe5 40. Nc2 g4+ 41. Ke2 Ke4 42. Ne3 Kd4 43. Nd1 Bf8 44. f3 gxf3+ 45. Kxf3 Kd3 46. Ne3 Kc3 47. Nd5+ Kxb3 48. Nxb6 Bc5 49. Nd7 Bd4 50. Nb8 Kxa4 51. Nc6 1/2-1/2

[Event "Bundesliga 0102"]
[Site "Germany"]
[Date "2002.03.17"]
[Round "11.7"]
[White "Heissler, Jakob"]
[Black "Thiede, Lars"]
[Result "1-0"]
[WhiteElo "2437"]
[BlackElo "2410"]
[PlyCount "107"]
[EventDate "2001.10.06"]
[EventType "team-tourn"]
[EventRounds "15"]
[EventCountry "GER"]
[SourceTitle "CBM 088"]
[Source "ChessBase"]
[SourceDate "2002.03.21"]
[SourceVersion "1"]
[SourceVersionDate "2002.03.21"]
[SourceQuality "1"]
[WhiteTeam "Werder Bremen"]
[BlackTeam "Neukoelln"]
[WhiteTeamCountry "GER"]
[BlackTeamCountry "GER"]

1. e4 g6 2. d4 Bg7 3. c3 d5 4. Nd2 c5 5. dxc5 Nf6 6. exd5 Qxd5 7. Ngf3 Qxc5 8. Nb3 Qc7 9. Bb5+ Nbd7 10. 0-0 0-0 11. Re1 e5 12. Bg5 Re8 13. Nbd2 a6 14. Bxf6 Bxf6 15. Bxd7 Bxd7 16. Ne4 Bg7 17. Qd6 Qd8 18. Rad1 Bc6 19. Qc5 Qe7 20. Qxe7 Rxe7 21. Nd6 Kf8 22. Nc4 f6 23. Nb6 Rae8 24. c4 Kf7 25. b4 Rc7 26. c5 Bf8 27. Nd2 Rd8 28. Ndc4 Rxd1 29. Rxd1 Be7 30. a4 Ke6 31. f3 f5 32. Re1 e4 33. Kf2 Bf6 34. Rd1 Bc3 35. Rb1 exf3 36. gxf3 Bd4+ 37. Kg2 Kf6 38. Na5 Re7 39. Nxc6 bxc6 40. Rd1 Bc3 41. b5 axb5 42. axb5 Re6 43. bxc6 Rxc6 44. Nd5+ Kg5 45. Nxc3 Rxc5 46. Nd5 Rc4 47. Kg3 Kh6 48. Nf4 Rc6 49. h4 Ra6 50. Rd7 Ra8 51. Nh3 Rh8 52. Ng5 Kh5 53. Nxh7 f4+ 54. Kh3 1-0

[Event "Bundesliga 0102"]
[Site "Germany"]
[Date "2002.02.23"]
[Round "8.8"]
[White "Dinstuhl, Volkmar"]
[Black "Heissler, Jakob"]
[Result "0-1"]
[WhiteElo "2402"]
[BlackElo "2437"]
[PlyCount "48"]
[EventDate "2001.10.06"]
[EventType "team-tourn"]
[EventRounds "15"]
[EventCountry "GER"]
[SourceTitle "EXT 2003"]
[Source "ChessBase"]
[SourceDate "2002.11.25"]
[SourceVersion "1"]
[SourceVersionDate "2002.11.25"]
[SourceQuality "1"]
[WhiteTeam "Castrop Rauxel"]
[BlackTeam "Werder Bremen"]
[WhiteTeamCountry "GER"]
[BlackTeamCountry "GER"]

1. d4 Nf6 2. c4 g6 3. Nc3 Bg7 4. e4 d6 5. f3 0-0 6. Nge2 e5 7. Be3 c6 8. Qd2 Nbd7 9. 0-0-0 Qa5 10. Bh6 Bxh6 11. Qxh6 b5 12. cxb5 cxb5 13. dxe5 dxe5 14. Kb1 b4 15. Nd5 Nxd5 16. Rxd5 Qc7 17. Qc1 Qb8 18. Ng3 Nb6 19. Ra5 Be6 20. Ba6 Nd7 21. Bd3 Rc8 22. Qd2 Qc7 23. Qxb4 Nc5 24. Bc2 Nb7 0-1

[Event "Bundesliga 0001"]
[Site "Germany"]
[Date "2001.04.29"]
[Round "15.8"]
[White "Heissler, Jakob"]
[Black "Hector, Jonny"]
[Result "1/2-1/2"]
[WhiteElo "2447"]
[BlackElo "2509"]
[PlyCount "72"]
[EventDate "2000.10.14"]
[EventType "team-tourn"]
[EventRounds "15"]
[EventCountry "GER"]
[SourceTitle "CBM 082 Extra"]
[Source "ChessBase"]
[SourceDate "2001.07.03"]
[SourceVersion "1"]
[SourceVersionDate "2001.07.03"]
[SourceQuality "1"]
[WhiteTeam "Werder Bremen"]
[BlackTeam "Luebeck"]
[WhiteTeamCountry "GER"]
[BlackTeamCountry "GER"]

1. c4 Nf6 2. g3 c6 3. Bg2 d5 4. Qc2 e5 5. d3 Bd6 6. Nf3 0-0 7. 0-0 h6 8. Nc3 Re8 9. b3 Bf5 10. Nh4 Be6 11. Bb2 Nbd7 12. Rad1 Rc8 13. e4 Qa5 14. a3 dxc4 15. dxc4 Qc7 16. h3 a5 17. Nf5 Bf8 18. Ne3 Nc5 19. Na2 Nfd7 20. Nc1 f6 21. Bc3 Ra8 22. b4 Na6 23. Nd3 Nb6 24. c5 Nd7 25. Rb1 axb4 26. axb4 b6 27. cxb6 Qxb6 28. Rfc1 Rec8 29. Be1 Qd8 30. Qe2 Qe8 31. b5 cxb5 32. Rxc8 Qxc8 33. Rxb5 Nc7 34. Rb1 Qa6 35. Bf1 Qc6 36. Qc2 Qc3 1/2-1/2

[Event "Bundesliga 0001"]
[Site "Germany"]
[Date "2001.04.28"]
[Round "14.8"]
[White "Reeh, Oliver"]
[Black "Heissler, Jakob"]
[Result "1-0"]
[WhiteElo "2420"]
[BlackElo "2447"]
[PlyCount "107"]
[EventDate "2000.10.14"]
[EventType "team-tourn"]
[EventRounds "15"]
[EventCountry "GER"]
[SourceTitle "CBM 082 Extra"]
[Source "ChessBase"]
[SourceDate "2001.07.03"]
[SourceVersion "1"]
[SourceVersionDate "2001.07.03"]
[SourceQuality "1"]
[WhiteTeam "Hamburger SK"]
[BlackTeam "Werder Bremen"]
[WhiteTeamCountry "GER"]
[BlackTeamCountry "GER"]

1. e4 c5 2. Nf3 e6 3. d4 cxd4 4. Nxd4 Nc6 5. Nc3 Qc7 6. f4 a6 7. Nf3 b5 8. Bd3 Bb7 9. 0-0 Nb4 10. Kh1 Nf6 11. a3 Nxd3 12. cxd3 d6 13. Qe1 Be7 14. b4 0-0 15. Bb2 Qb6 16. Nd1 Nh5 17. Nd4 Rad8 18. Qe2 Bf6 19. Nb3 Bxb2 20. Nxb2 g6 21. Nd1 Qc7 22. g4 Nf6 23. Rc1 Qe7 24. Kg1 Rc8 25. Ne3 h6 26. Qf2 Rxc1 27. Rxc1 Rc8 28. Rxc8+ Bxc8 29. e5 Nd5 30. Nxd5 exd5 31. exd6 Qxd6 32. h3 Qf6 33. Nd4 Bd7 34. Qe3 Qh4 35. Kg2 Qf6 36. Qe5 Qb6 37. Nb3 Qc6 38. Nc5 d4+ 39. Kf2 Bc8 40. Qxd4 h5 41. gxh5 Bxh3 42. Qd8+ Kg7 43. Qd4+ Kg8 44. Qe4 Qf6 45. hxg6 fxg6 46. Kg3 Bf5 47. Qd5+ Kh7 48. d4 g5 49. Qe5 Qf7 50. fxg5 Bg6 51. Ne6 Bf5 52. d5 Kg6 53. Nd4 Bd7 54. Nf3 1-0

[Event "Bundesliga 0001"]
[Site "Germany"]
[Date "2000.12.09"]
[Round "3.8"]
[White "Heissler, Jakob"]
[Black "Thiede, Lars"]
[Result "1/2-1/2"]
[WhiteElo "2447"]
[BlackElo "2421"]
[PlyCount "62"]
[EventDate "2000.10.14"]
[EventType "team-tourn"]
[EventRounds "15"]
[EventCountry "GER"]
[SourceTitle "CBM 082 Extra"]
[Source "ChessBase"]
[SourceDate "2001.07.03"]
[SourceVersion "1"]
[SourceVersionDate "2001.07.03"]
[SourceQuality "1"]
[WhiteTeam "Werder Bremen"]
[BlackTeam "Neukoelln"]
[WhiteTeamCountry "GER"]
[BlackTeamCountry "GER"]

1. e4 g6 2. d4 Bg7 3. Nf3 d6 4. c3 Nf6 5. Nbd2 0-0 6. Be2 c5 7. dxc5 dxc5 8. 0-0 Qc7 9. Qc2 b6 10. Re1 Bb7 11. Bf1 Nc6 12. Nc4 Rfd8 13. a4 Rab8 14. Bg5 h6 15. Bh4 Nh5 16. e5 Na5 17. e6 f5 18. Nce5 Bxf3 19. Nxf3 c4 20. Bg3 Nxg3 21. hxg3 Rd5 22. Rad1 Rbd8 23. Rxd5 Rxd5 24. Rd1 Qd6 25. Rxd5 Qxd5 26. Qe2 Bf6 27. Nd2 Qc6 28. g4 fxg4 29. Qxg4 Kg7 30. Nxc4 Nxc4 31. Qxc4 Qxc4 1/2-1/2

[Event "Bundesliga 9900"]
[Site "Germany"]
[Date "2000.03.12"]
[Round "12.6"]
[White "Kasimdzhanov, Rustam"]
[Black "Heissler, Jakob"]
[Result "1-0"]
[WhiteElo "2614"]
[BlackElo "2447"]
[PlyCount "57"]
[EventDate "1999.10.09"]
[EventType "team-tourn"]
[EventRounds "15"]
[EventCountry "GER"]
[SourceTitle "CBM 076"]
[Source "ChessBase"]
[SourceDate "2000.05.31"]
[SourceVersion "1"]
[SourceVersionDate "2000.05.31"]
[SourceQuality "1"]
[WhiteTeam "Solingen"]
[BlackTeam "Werder Bremen"]
[WhiteTeamCountry "GER"]
[BlackTeamCountry "GER"]

1. e4 c5 2. Nf3 e6 3. d4 cxd4 4. Nxd4 Nc6 5. Nc3 Qc7 6. g3 a6 7. Bg2 Nf6 8. 0-0 Be7 9. Re1 0-0 10. Nxc6 dxc6 11. e5 Rd8 12. Qf3 Nd5 13. h4 h6 14. Qg4 Kh8 15. Qh5 Bf8 16. Ne4 b5 17. Nd6 Bxd6 18. exd6 Rxd6 19. b3 Qd8 20. Qxf7 Qg8 21. Qh5 Nf6 22. Qe5 Qd8 23. Bf4 Rd5 24. Bxd5 cxd5 25. Rad1 b4 26. Qd4 Qf8 27. Be5 Bd7 28. Re3 Re8 29. Rf3 1-0